00709 2200241 4500001002100000005001500021035002500036090002100061245006000082260003700142300002300179008004100202040001700243082001700260084001900277100006400296250001900360650002000379850001200399041000800411246003600419990001200455YOGYA00000000002602520190614010916 a0010-081400000025743 aL 899.2213 ALI a1 aAnak perawan disarang penjamun /cS. Takdir Alisjahbana3 aDjakarta :bBalai Pustaka,c1957 a130 hlm. ;c20 cm.130805s19571940jki g f ind d aYOPDYOGbind04223a899.2213 a899.2213 ALI a1 aAlisjahbana, S. TakdirePengarangqSutan Takdir Alisjahbana atjetakan kedua 4aFiksi Indonesia aYOPDYOG0 aind aAnak perawan di sarang penyamun a40540-A